| 000 | 00739nam a2200217 a 4500 | ||
|---|---|---|---|
| 001 | 1485 | ||
| 003 | CDMR | ||
| 005 | 20131205111149.0 | ||
| 008 | 130130s1977||||mx |||||||||||||||||sp |d | ||
| 040 |
_aCDMR _bcat _cCDMR |
||
| 100 | 1 |
_9379 _aMattelart, Armand |
|
| 245 | 1 | 0 |
_aMultinacionales y sistemas de comunicación _b: los aparatos ideológicos del imperialismo _cpor Armand Mattelart |
| 260 |
_aMéxico D.F. _bSiglo XXI _c1977 |
||
| 300 | _a343 p. | ||
| 490 | 0 | _aSociología y Política (Siglo XXI) | |
| 650 | 0 | 4 |
_93542 _aMitjans de comunicació de massa _xInfluència |
| 650 | 0 | 4 |
_92807 _aMitjans de comunicació de massa _xAspectes polítics |
| 650 | 0 | 4 |
_94171 _aIndústries culturals |
| 650 | 0 | 4 |
_94461 _aCultura popular |
| 942 |
_cMON _2udc |
||
| 999 |
_c1485 _d1485 |
||